[Event "TCh-FRA Top 12 2019"]
[Site "Brest FRA"]
[Date "2019.05.18"]
[Round "1.5"]
[Board "5"]
[White "Bressac, Stephane"]
[Black "Tregubov, Pavel V."]
[Result "0-1"]
[WhiteTitle "FM"]
[BlackTitle "GM"]
[WhiteElo "2358"]
[BlackElo "2586"]
[WhiteTeam "Cannes Echecs"]
[BlackTeam "Clichy-Echecs-92"]
[WhiteFideId "655945"]
[BlackFideId "4115341"]
[EventDate "2019.05.18"]

1. e4 c5 2. Nf3 e6 3. d4 cxd4 4. Nxd4 Nc6 5. Nc3 Nf6 6. Nxc6 bxc6 7. e5 Nd5 8.
Ne4 Bb7 9. Be2 c5 10. O-O Qc7 11. c4 Ne3 12. Bxe3 Bxe4 13. f4 Be7 14. Bf3 Bxf3
15. Qxf3 O-O 16. Bd2 f6 17. Bc3 fxe5 18. Bxe5 d6 19. Bc3 Rae8 20. Qe4 Bf6 21.
Bxf6 Rxf6 22. f5 Qb8 23. b3 exf5 24. Qd5+ Kh8 25. Rxf5 Rxf5 26. Qxf5 Re5 27. Qd7
h6 28. Rd1 Re2 29. Rxd6 Qf8 0-1

[Event "TCh-FRA Top 12 2019"]
[Site "Brest FRA"]
[Date "2019.05.18"]
[Round "1.5"]
[Board "6"]
[White "Libiszewski, Fabien"]
[Black "Delabaca, Romuald"]
[Result "1-0"]
[WhiteTitle "GM"]
[BlackTitle "FM"]
[WhiteElo "2511"]
[BlackElo "2360"]
[WhiteTeam "Clichy-Echecs-92"]
[BlackTeam "Cannes Echecs"]
[WhiteFideId "616834"]
[BlackFideId "614661"]
[EventDate "2019.05.18"]

1. e4 e5 2. Nf3 Nc6 3. Bb5 a6 4. Ba4 Nf6 5. O-O Be7 6. Re1 b5 7. Bb3 d6 8. c3
O-O 9. h3 Na5 10. Bc2 c5 11. d4 Nd7 12. a4 b4 13. cxb4 cxb4 14. Nbd2 Bf6 15. Nb3
Bb7 16. d5 Nxb3 17. Bxb3 a5 18. Be3 Qb8 19. Rc1 Bd8 20. Bc4 Bb6 21. Bxb6 Nxb6
22. Bb5 Rc8 23. Qe2 Rxc1 24. Rxc1 Qd8 25. Nd2 Rc8 26. Rxc8 Nxc8 27. Qg4 Kf8 28.
Nb3 Ne7 29. Qd7 1-0

[Event "TCh-FRA Top 12 2019"]
[Site "Brest FRA"]
[Date "2019.05.18"]
[Round "1.5"]
[Board "7"]
[White "Ludwig, Remi"]
[Black "Delorme, Axel"]
[Result "0-1"]
[BlackTitle "GM"]
[WhiteElo "2312"]
[BlackElo "2489"]
[WhiteTeam "Cannes Echecs"]
[BlackTeam "Clichy-Echecs-92"]
[WhiteFideId "653993"]
[BlackFideId "632023"]
[EventDate "2019.05.18"]

1. d4 Nf6 2. c4 e6 3. Nf3 Bb4+ 4. Nbd2 O-O 5. e3 d5 6. Bd3 c5 7. a3 Bxd2+ 8.
Bxd2 cxd4 9. exd4 dxc4 10. Bxc4 Nc6 11. O-O b6 12. Bg5 Bb7 13. b4 h6 14. Bh4 Ne7
15. Ne5 Nf5 16. Bxf6 Qxf6 17. g4 Nd6 18. Be2 Qf4 19. Bf3 Rad8 20. Bxb7 Nxb7 21.
Nc6 Rd7 22. h3 Nd8 23. Rc1 Nxc6 24. Rxc6 Rxd4 25. Qe2 Rfd8 26. Rc3 Rd2 27. Qe3
Qxe3 28. Rxe3 R8d3 29. Rfe1 g5 30. Kg2 Kg7 31. Kf3 Kf6 32. Rc1 Rxe3+ 33. Kxe3
Ra2 34. Rc3 Ke5 35. Rd3 f5 36. gxf5 exf5 37. Kf3 h5 38. Kg2 h4 39. Kf3 Ra1 40.
Kg2 g4 41. Rb3 Ra2 42. Kg1 Kf4 43. hxg4 fxg4 44. b5 g3 45. fxg3+ hxg3 46. Rc3
Kg4 47. Rc7 Rxa3 48. Rg7+ Kf4 49. Rf7+ Ke5 50. Kg2 Kd6 51. Rf5 Rc3 52. Rg5 Rc5
53. Rg7 Rxb5 54. Rxa7 Rg5 55. Ra1 b5 56. Rc1 Kd5 57. Rc8 Kd4 58. Rc7 b4 59. Rb7
Ke5 0-1

[Event "TCh-FRA Top 12 2019"]
[Site "Brest FRA"]
[Date "2019.05.18"]
[Round "1.5"]
[Board "8"]
[White "Guichard, Pauline"]
[Black "Gras, Delphine"]
[Result "1-0"]
[WhiteTitle "WGM"]
[WhiteElo "2430"]
[BlackElo "1835"]
[WhiteTeam "Clichy-Echecs-92"]
[BlackTeam "Cannes Echecs"]
[WhiteFideId "639370"]
[BlackFideId "632724"]
[EventDate "2019.05.18"]

1. d4 d5 2. Bf4 e6 3. e3 Be7 4. Nf3 Nf6 5. Ne5 Nbd7 6. Bd3 c5 7. c3 Qb6 8. Qc2
c4 9. Be2 Ne4 10. O-O O-O 11. b3 Nxe5 12. Bxe5 f6 13. Bf4 cxb3 14. axb3 Bd6 15.
Bxd6 Nxd6 16. c4 dxc4 17. bxc4 Qc7 18. Nc3 b6 19. Bd3 g6 20. Ne2 e5 21. c5 bxc5
22. dxc5 Nf5 23. Be4 Rb8 24. Qa2+ Kg7 25. Qxa7 Rf7 26. Qa3 Rb5 27. Rfc1 Be6 28.
Qa6 Rb4 29. Qxe6 Rxe4 30. Nc3 Re7 31. Qa2 Rg4 32. Nd5 Qc6 33. f3 Rxg2+ 34. Kxg2
Qxd5 35. Kf2 Qd3 36. Qe2 e4 37. Qxd3 exd3 38. e4 Nd4 39. Rc3 Nc2 40. Rd1 Nb4 41.
Rb3 Na6 42. c6 Nc5 43. Rc3 Na4 44. Rdxd3 Nxc3 45. Rxc3 Rc7 46. Ke3 Kf7 47. Kd4
Ke7 48. Kc5 Ra7 49. Kb6 1-0

[Event "TCh-FRA Top 12 2019"]
[Site "Brest FRA"]
[Date "2019.05.18"]
[Round "1.6"]
[Board "1"]
[White "Velten, Paul"]
[Black "Hera, Imre Jr."]
[Result "1/2-1/2"]
[WhiteTitle "GM"]
[BlackTitle "GM"]
[WhiteElo "2507"]
[BlackElo "2611"]
[WhiteTeam "T H F Saint-Quentin"]
[BlackTeam "Grasse Echecs"]
[WhiteFideId "681091"]
[BlackFideId "716855"]
[EventDate "2019.05.18"]

1. d4 d5 2. c4 e6 3. Nf3 Nf6 4. Nc3 dxc4 5. e4 Bb4 6. Bxc4 Nxe4 7. O-O Nxc3 8.
bxc3 Be7 9. Ne5 O-O 10. Qh5 Nd7 11. Bf4 Nf6 12. Qf3 Nd5 13. Bg3 c6 14. Bb3 f6
15. Nc4 b5 16. Ne3 Bd7 17. c4 bxc4 18. Nxc4 Be8 19. Nb2 Bf7 20. Na4 Bd6 21. Rac1
Rc8 22. Bxd5 exd5 23. Bxd6 Qxd6 24. Nc5 Rfe8 25. Rfe1 Bg6 26. g3 Re7 27. Qc3
Rce8 28. Kf1 Bf5 29. f3 Qb8 30. a4 h5 31. Rxe7 Rxe7 32. Kf2 Kf7 33. Qd2 h4 34.
Rc3 hxg3+ 35. hxg3 Qh8 36. Kg1 Qh3 37. Qf2 Re8 38. Rc1 Rh8 39. Qg2 Qh6 40. Re1
Qg5 41. g4 Qf4 42. gxf5 Qxd4+ 43. Kf1 Qc4+ 44. Re2 Qc1+ 45. Re1 Qc4+ 46. Re2
Qc1+ 47. Re1 1/2-1/2

[Event "TCh-FRA Top 12 2019"]
[Site "Brest FRA"]
[Date "2019.05.18"]
[Round "1.6"]
[Board "2"]
[White "Oleksiyenko, Mykhaylo"]
[Black "Chabanon, Jean-Luc"]
[Result "1/2-1/2"]
[WhiteTitle "GM"]
[BlackTitle "GM"]
[WhiteElo "2595"]
[BlackElo "2437"]
[WhiteTeam "Grasse Echecs"]
[BlackTeam "T H F Saint-Quentin"]
[WhiteFideId "4152417"]
[BlackFideId "600075"]
[EventDate "2019.05.18"]

1. e4 c6 2. d4 d5 3. e5 Bf5 4. Nf3 e6 5. Be2 Nd7 6. O-O h6 7. b3 Ne7 8. c4 Bg6
9. Nc3 Nf5 10. a3 Bh5 11. c5 Be7 12. b4 f6 13. Bb2 O-O 14. Ne1 Bxe2 15. Nxe2
fxe5 16. dxe5 Qe8 17. Nd3 b6 18. Nef4 Bg5 19. Nh3 bxc5 20. Nxg5 hxg5 21. bxc5
Qg6 22. Qe2 Rab8 23. Bc3 Rb3 24. Rfc1 Nd4 25. Bxd4 Qxd3 26. Qxd3 Rxd3 27. Bc3
Rb8 28. Kf1 Rb3 29. Bb4 Rb2 30. Re1 a5 31. Bxa5 Nxc5 32. Re2 Rbb3 33. Rc2 Nd7
34. Rxc6 Rxa3 35. Rxa3 Rxa3 36. Bc7 Kf7 37. Bd6 Ra7 38. g4 Rb7 39. Rc8 Nb6 40.
Rf8+ Kg6 41. Re8 Kf7 42. Rf8+ Kg6 43. Re8 Kf7 44. Rf8+ 1/2-1/2

[Event "TCh-FRA Top 12 2019"]
[Site "Brest FRA"]
[Date "2019.05.18"]
[Round "1.6"]
[Board "3"]
[White "Cossin, Sebastien"]
[Black "Apicella, Manuel"]
[Result "1-0"]
[WhiteTitle "IM"]
[BlackTitle "GM"]
[WhiteElo "2494"]
[BlackElo "2502"]
[WhiteTeam "T H F Saint-Quentin"]
[BlackTeam "Grasse Echecs"]
[WhiteFideId "618802"]
[BlackFideId "600164"]
[EventDate "2019.05.18"]

1. Nf3 d5 2. e3 Nf6 3. c4 e6 4. b3 Be7 5. Bb2 O-O 6. Nc3 c5 7. cxd5 Nxd5 8. h4
Nc6 9. Qb1 Nxc3 10. Bxc3 Bf6 11. Ng5 g6 12. Qb2 Bxc3 13. Qxc3 Qd5 14. Be2 h6 15.
Bf3 Qe5 16. Ne4 Qxc3 17. dxc3 c4 18. bxc4 Ne5 19. Be2 b6 20. f4 Nd7 21. h5 Kg7
22. O-O-O Bb7 23. Rxd7 Bxe4 24. hxg6 Kxg6 25. Rh2 a5 26. Rd4 Bc6 27. Bd3+ Kg7
28. g3 Rab8 29. Kd2 b5 30. cxb5 Bxb5 31. c4 Bc6 32. Kc3 Rb4 33. Rd6 Rc8 34. a3
Rb7 35. Rxc6 Rxc6 36. Be4 Rbc7 37. Bxc6 Rxc6 38. Rb2 Kg6 39. Rb5 f5 40. c5 Kh5
41. Kc4 Kg4 42. Rb6 Rc8 43. Rxe6 Kxg3 44. Rxh6 Re8 45. c6 Rxe3 46. c7 Re8 47.
Kb5 Kxf4 48. Kxa5 Ke3 49. Kb6 1-0

[Event "TCh-FRA Top 12 2019"]
[Site "Brest FRA"]
[Date "2019.05.18"]
[Round "1.6"]
[Board "4"]
[White "Santos Ruiz, Miguel"]
[Black "Brochet, Philippe"]
[Result "1-0"]
[WhiteTitle "GM"]
[BlackTitle "IM"]
[WhiteElo "2549"]
[BlackElo "2400"]
[WhiteTeam "Grasse Echecs"]
[BlackTeam "T H F Saint-Quentin"]
[WhiteFideId "22291482"]
[BlackFideId "602469"]
[EventDate "2019.05.18"]

1. c4 e5 2. Nc3 Bb4 3. Nd5 Na6 4. a3 Ba5 5. b4 c6 6. Nc3 Bc7 7. d4 Nf6 8. d5
cxd5 9. cxd5 d6 10. e3 O-O 11. Be2 Bd7 12. Nf3 Qe7 13. O-O Rac8 14. e4 Bb6 15.
Qd3 Rxc3 16. Qxc3 Nxe4 17. Qb2 Nc7 18. Qb3 Nxf2 19. Rxf2 e4 20. Bg5 f6 21. Be3
exf3 22. Rxf3 Bg4 23. Rg3 Bxe2 24. Bxb6 axb6 25. Re3 Bc4 26. Rxe7 Bxb3 27. Rxc7
Rf7 28. Rc8+ Rf8 29. Rac1 Bxd5 30. Rxf8+ Kxf8 31. Rd1 Bc6 32. Rxd6 Ke7 33. Rd4
h5 34. Kf2 g5 35. g3 Ke6 36. Rd8 Kf7 37. Ke3 Kg6 38. Rd4 b5 39. Rd8 Kf5 40. Rf8
h4 41. gxh4 gxh4 42. Rg8 h3 43. Rh8 Kg4 44. Rh6 f5 45. Rg6+ Kh5 46. Rg3 Kh4 1-0

[Event "TCh-FRA Top 12 2019"]
[Site "Brest FRA"]
[Date "2019.05.19"]
[Round "2.1"]
[Board "2"]
[White "Cossin, Sebastien"]
[Black "Oparin, Grigoriy"]
[Result "1-0"]
[WhiteTitle "IM"]
[BlackTitle "GM"]
[WhiteElo "2494"]
[BlackElo "2624"]
[WhiteTeam "T H F Saint-Quentin"]
[BlackTeam "Asnieres - Le Grand Echiquier"]
[WhiteFideId "618802"]
[BlackFideId "24125890"]
[EventDate "2019.05.18"]

1. Nf3 Nf6 2. g3 b5 3. Bg2 Bb7 4. O-O e6 5. d3 c5 6. e4 d6 7. a4 b4 8. Nbd2 Be7
9. Nc4 Nc6 10. Re1 Nd7 11. h4 Nb6 12. Ne3 a5 13. h5 Qc7 14. h6 g6 15. c3 Ne5 16.
d4 Nxf3+ 17. Bxf3 O-O 18. cxb4 axb4 19. b3 cxd4 20. Qxd4 e5 21. Qd1 Nd7 22. Bd2
Nc5 23. Bxb4 Nxe4 24. Bxe4 Bxe4 25. Nd5 Bxd5 26. Qxd5 Rfb8 27. Bd2 Qc5 28. Qd3
Bf6 29. b4 Qb6 30. Qf3 d5 31. Qxd5 e4 32. a5 Qd4 33. Qxd4 Bxd4 34. Rab1 f5 35.
b5 Rd8 36. Re2 e3 37. fxe3 Bc5 38. Kf2 g5 39. b6 f4 40. gxf4 gxf4 41. Rb5 Rd5
42. Kf3 Re8 43. b7 1-0

[Event "TCh-FRA Top 12 2019"]
[Site "Brest FRA"]
[Date "2019.05.19"]
[Round "2.1"]
[Board "3"]
[White "Gozzoli, Yannick"]
[Black "Velten, Paul"]
[Result "1/2-1/2"]
[WhiteTitle "GM"]
[BlackTitle "GM"]
[WhiteElo "2622"]
[BlackElo "2507"]
[WhiteTeam "Asnieres - Le Grand Echiquier"]
[BlackTeam "T H F Saint-Quentin"]
[WhiteFideId "616915"]
[BlackFideId "681091"]
[EventDate "2019.05.18"]

1. Nf3 d5 2. c4 e6 3. e3 Nf6 4. b3 Be7 5. Bb2 O-O 6. Nc3 dxc4 7. Bxc4 b6 8. O-O
Bb7 9. Qe2 c5 10. d4 cxd4 11. Rfd1 Nc6 12. Nb5 Qb8 13. Nbxd4 Nxd4 14. Bxd4 Rd8
15. Rac1 Ba3 16. Bxf6 gxf6 17. Rxd8+ Qxd8 18. Rd1 Qe7 19. Ba6 Be4 20. Bd3 Bg6
21. Nd4 Bc5 22. Qf3 Rc8 23. h4 Bxd4 24. exd4 Rc3 25. h5 Rxd3 26. Rxd3 Bxd3 27.
Qxd3 Qd6 28. Qe4 h6 29. a4 Kg7 30. g3 1/2-1/2

[Event "TCh-FRA Top 12 2019"]
[Site "Brest FRA"]
[Date "2019.05.19"]
[Round "2.1"]
[Board "4"]
[White "Colin, Vincent"]
[Black "Degraeve, Jean-Marc"]
[Result "1/2-1/2"]
[WhiteTitle "IM"]
[BlackTitle "GM"]
[WhiteElo "2383"]
[BlackElo "2546"]
[WhiteTeam "T H F Saint-Quentin"]
[BlackTeam "Asnieres - Le Grand Echiquier"]
[WhiteFideId "612324"]
[BlackFideId "600270"]
[EventDate "2019.05.18"]

1. d4 Nf6 2. c4 g6 3. Nc3 Bg7 4. e4 d6 5. f4 O-O 6. Nf3 c5 7. d5 e6 8. Be2 exd5
9. cxd5 Bg4 10. O-O Nbd7 11. h3 Bxf3 12. Bxf3 Re8 13. g4 h6 14. h4 Nh7 15. g5
hxg5 16. hxg5 Ndf8 17. Bg2 f6 18. gxf6 Qxf6 19. Be3 Qh4 20. Nb5 Rad8 21. Bf2
Qxf4 22. Bxc5 Qh4 23. Bf2 Qh6 24. Bxa7 Be5 25. Rf2 Nf6 26. Qf3 N8h7 27. Qh3 Qxh3
28. Bxh3 Ng5 29. Bg2 Nfxe4 30. Rc2 Nc5 31. Rf1 Rc8 32. b4 Nd3 33. Rxc8 Rxc8 34.
Be3 Nh7 35. a3 Kg7 36. Be4 Nb2 37. Nxd6 Bxd6 38. Bd4+ Kh6 39. Bxb2 Ng5 40. Bg2
Kh5 41. Rf2 Bg3 42. Re2 Kg4 43. Rd2 Bf4 44. Rd3 Rc2 45. Bc3 b5 46. Be1 Nf7 47.
Bh3+ Kg5 48. Rc3 Ra2 49. Bf1 Nd6 50. Bg3 Ne4 51. Bxf4+ Kxf4 52. Rd3 Nd6 53. Bg2
g5 54. Rf3+ Ke5 55. Re3+ Kf4 56. Rf3+ Ke5 57. Re3+ Kf4 1/2-1/2

[Event "TCh-FRA Top 12 2019"]
[Site "Brest FRA"]
[Date "2019.05.19"]
[Round "2.1"]
[Board "5"]
[White "Gurevich, Mikhail"]
[Black "Cappon, John"]
[Result "1-0"]
[WhiteTitle "GM"]
[WhiteElo "2566"]
[BlackElo "2094"]
[WhiteTeam "Asnieres - Le Grand Echiquier"]
[BlackTeam "T H F Saint-Quentin"]
[WhiteFideId "200930"]
[BlackFideId "608459"]
[EventDate "2019.05.18"]

1. c4 e5 2. Nc3 Nc6 3. e3 f5 4. d4 Bb4 5. Ne2 d6 6. a3 Bxc3+ 7. Nxc3 Nf6 8. Be2
O-O 9. O-O Qe7 10. b4 Nd8 11. dxe5 dxe5 12. Nd5 Nxd5 13. cxd5 Nf7 14. Bb2 Bd7
15. Rc1 c6 16. Bc4 cxd5 17. Bxd5 Be6 18. Bxe6 Qxe6 19. Rc7 b5 20. Qd7 Qxd7 21.
Rxd7 a6 22. f4 exf4 23. Rxf4 g6 24. e4 Rad8 25. Rxd8 Rxd8 26. exf5 Rd1+ 27. Rf1
Rxf1+ 28. Kxf1 gxf5 29. Ke2 Nd8 30. Kf3 Kf7 31. Kf4 Ke6 32. h3 Nf7 33. g4 fxg4
34. hxg4 Nd6 35. Bc1 Nc4 36. Ke4 a5 37. Kd4 axb4 38. axb4 Kd6 39. Bf4+ Kc6 40.
Ke4 Nb6 1-0

[Event "TCh-FRA Top 12 2019"]
[Site "Brest FRA"]
[Date "2019.05.19"]
[Round "2.1"]
[Board "6"]
[White "Le Hay, Thierry"]
[Black "Moussard, Jules"]
[Result "0-1"]
[BlackTitle "GM"]
[WhiteElo "2055"]
[BlackElo "2583"]
[WhiteTeam "T H F Saint-Quentin"]
[BlackTeam "Asnieres - Le Grand Echiquier"]
[WhiteFideId "639613"]
[BlackFideId "642908"]
[EventDate "2019.05.18"]

1. d4 d6 2. Nf3 g6 3. c4 f5 4. Nc3 Nf6 5. g3 Bg7 6. Bg2 O-O 7. O-O Qe8 8. d5 Na6
9. Rb1 Nc5 10. b4 Nfe4 11. Nxe4 Nxe4 12. Qc2 a5 13. Bb2 Bxb2 14. Rxb2 axb4 15.
Rxb4 e5 16. dxe6 Nc5 17. Nd4 c6 18. Rb6 Nxe6 19. Nxe6 Qxe6 20. e3 Ra5 21. Rb4 g5
22. Qd2 Re5 23. Rd1 f4 24. Qxd6 Qxd6 25. Rxd6 fxe3 26. fxe3 Rxe3 27. Rd1 Re2 28.
Rf1 Rxf1+ 29. Bxf1 Rxa2 30. Rb1 Kf7 0-1

[Event "TCh-FRA Top 12 2019"]
[Site "Brest FRA"]
[Date "2019.05.19"]
[Round "2.1"]
[Board "7"]
[White "Cornette, Matthieu"]
[Black "Ringuet, Noe"]
[Result "1-0"]
[WhiteTitle "GM"]
[WhiteElo "2553"]
[BlackElo "2143"]
[WhiteTeam "Asnieres - Le Grand Echiquier"]
[BlackTeam "T H F Saint-Quentin"]
[WhiteFideId "620084"]
[BlackFideId "685542"]
[EventDate "2019.05.18"]

1. Nf3 f5 2. d4 Nf6 3. Bg5 e6 4. Nbd2 Be7 5. e3 O-O 6. Bd3 b6 7. c3 Bb7 8. Bxf6
Bxf6 9. e4 fxe4 10. Nxe4 d5 11. Nxf6+ Qxf6 12. Qc2 g6 13. Ne5 c5 14. O-O cxd4
15. cxd4 Rc8 16. Qe2 Nc6 17. Ng4 Qg7 18. Qxe6+ Kh8 19. Rfe1 Nxd4 20. Qd6 Rd8 21.
Qe7 Nc6 22. Qh4 Re8 23. h3 a6 24. Rad1 Re7 25. Rxe7 Qxe7 26. Qh6 Qe6 27. Rd2
Qe1+ 28. Kh2 Ne5 29. Re2 Nxg4+ 30. hxg4 Qb4 31. Re6 Rf8 32. Bxg6 Qf4+ 33. Qxf4
Rxf4 34. Bf5 1-0

[Event "TCh-FRA Top 12 2019"]
[Site "Brest FRA"]
[Date "2019.05.19"]
[Round "2.1"]
[Board "8"]
[White "Bolon, Karelle"]
[Black "Skripchenko, Almira"]
[Result "0-1"]
[WhiteTitle "WFM"]
[BlackTitle "IM"]
[WhiteElo "2018"]
[BlackElo "2406"]
[WhiteTeam "T H F Saint-Quentin"]
[BlackTeam "Asnieres - Le Grand Echiquier"]
[WhiteFideId "634514"]
[BlackFideId "13900145"]
[EventDate "2019.05.18"]

1. e4 c5 2. a3 e6 3. b4 cxb4 4. axb4 Bxb4 5. c3 Bf8 6. d4 d5 7. e5 Bd7 8. Bd3
Nc6 9. Ne2 h5 10. Nf4 Qb6 11. Na3 a6 12. Nxh5 Rc8 13. Qg4 g6 14. Bxg6 fxg6 15.
Qxg6+ Kd8 16. Ng7 Nce7 17. Qf7 Kc7 18. Rb1 Qc6 19. Rb3 Kb8 20. O-O Rh7 21. Bg5
Rxg7 22. Qh5 Be8 23. Qh4 Nf5 24. Qf4 Qa4 25. Rfb1 Bxa3 26. g4 Bg6 27. Rb6 Qc2
28. Bf6 Rgc7 29. gxf5 Bxf5 30. R6b3 Nxf6 31. exf6 Rg8+ 32. Kf1 Bd3+ 0-1

[Event "TCh-FRA Top 12 2019"]
[Site "Brest FRA"]
[Date "2019.05.19"]
[Round "2.2"]
[Board "1"]
[White "Hera, Imre Jr."]
[Black "Tabatabaei, M.amin"]
[Result "1-0"]
[WhiteTitle "GM"]
[BlackTitle "GM"]
[WhiteElo "2611"]
[BlackElo "2610"]
[WhiteTeam "Grasse Echecs"]
[BlackTeam "Cannes Echecs"]
[WhiteFideId "716855"]
[BlackFideId "12521213"]
[EventDate "2019.05.18"]

1. Nf3 d5 2. g3 Nf6 3. Bg2 Bf5 4. O-O e6 5. d3 Be7 6. c4 c6 7. Qb3 Qb6 8. Qc2
Nbd7 9. b3 e5 10. Bb2 d4 11. Nbd2 h6 12. Rae1 O-O 13. h3 Bc5 14. Kh1 Rfe8 15. g4
Bh7 16. Nh4 a5 17. a3 Rad8 18. Nf5 h5 19. Bf3 Bf8 20. Ng3 hxg4 21. hxg4 Nc5 22.
Bc1 Bg6 23. Kg2 Ne6 24. Rh1 Nf4+ 25. Kg1 Qc7 26. Nde4 Nxe4 27. Bxe4 Qd7 28. Nf5
Ne6 29. Kg2 Nc5 30. Rh3 Nxe4 31. dxe4 f6 32. c5 Qe6 33. Reh1 Ra8 34. a4 Reb8 35.
Rf3 b6 36. cxb6 Rxb6 37. g5 fxg5 38. Bxg5 Rab8 39. Rhh3 Bf7 40. Qc1 Qg6 41. Qh1
Qxg5+ 42. Rfg3 Qxg3+ 43. Rxg3 c5 44. Nh6+ Rxh6 45. Qxh6 Rxb3 46. Rg5 Rb2 47. Qc6
Rxe2 48. Rf5 g6 49. Rf3 Bh6 50. Qf6 1-0

[Event "TCh-FRA Top 12 2019"]
[Site "Brest FRA"]
[Date "2019.05.19"]
[Round "2.2"]
[Board "2"]
[White "Karthikeyan, Murali"]
[Black "Oleksiyenko, Mykhaylo"]
[Result "1/2-1/2"]
[WhiteTitle "GM"]
[BlackTitle "GM"]
[WhiteElo "2596"]
[BlackElo "2595"]
[WhiteTeam "Cannes Echecs"]
[BlackTeam "Grasse Echecs"]
[WhiteFideId "5074452"]
[BlackFideId "4152417"]
[EventDate "2019.05.18"]

1. e4 e5 2. Nf3 Nc6 3. Bb5 Nf6 4. d3 Bc5 5. c3 O-O 6. O-O d6 7. Nbd2 a6 8. Ba4
Ba7 9. h3 Ne7 10. Re1 Ng6 11. Nf1 d5 12. Ng3 dxe4 13. dxe4 Qxd1 14. Rxd1 h6 15.
Bc2 Be6 16. Nf5 Rfd8 17. Be3 Bxe3 18. Nxe3 a5 19. a4 Kf8 20. b4 Rxd1+ 21. Rxd1
Ne8 22. b5 f6 23. c4 c5 24. bxc6 bxc6 25. Rb1 Nc7 26. Rb6 Ne7 27. Ne1 Na6 28.
Nd3 Nc8 29. Rxa6 Rxa6 30. Nc5 Bxc4 31. Nxc4 Ra7 32. Nb3 Ke8 33. Nbxa5 Kd7 34.
Nb3 Nd6 35. Nxd6 Kxd6 36. a5 Rb7 37. Kf1 Rb4 38. Ke2 c5 39. Nd2 c4 40. a6 Kc6
41. Nf1 Rb2 42. Ne3 Kc5 43. Kd2 Ra2 44. Nf5 g6 45. Nxh6 Kd4 46. Ng4 Rxa6 47. h4
Ra1 48. Ne3 Rh1 49. g3 Ra1 50. Ng4 Ra6 51. Ne3 Ra1 52. Bd1 Ra2+ 53. Nc2+ Kxe4
54. Kc3 Ra7 55. f3+ Kd5 56. Be2 Ra4 57. Ne3+ Kc5 58. Bxc4 f5 59. Bb3 Ra1 60. Nc4
Rc1+ 61. Kd3 e4+ 62. fxe4 Rg1 63. exf5 Kd5 1/2-1/2

[Event "TCh-FRA Top 12 2019"]
[Site "Brest FRA"]
[Date "2019.05.19"]
[Round "2.2"]
[Board "3"]
[White "Santos Ruiz, Miguel"]
[Black "Praggnanandhaa, R"]
[Result "1/2-1/2"]
[WhiteTitle "GM"]
[BlackTitle "GM"]
[WhiteElo "2549"]
[BlackElo "2536"]
[WhiteTeam "Grasse Echecs"]
[BlackTeam "Cannes Echecs"]
[WhiteFideId "22291482"]
[BlackFideId "25059530"]
[EventDate "2019.05.18"]

1. c4 Nf6 2. Nc3 e6 3. d4 Bb4 4. Qc2 c5 5. dxc5 Bxc5 6. Nf3 Qc7 7. e3 a6 8. Be2
b6 9. O-O Bb7 10. b3 Be7 11. Bb2 d6 12. Rfd1 Nbd7 13. Rac1 O-O 14. Qd2 Rac8 15.
Qd4 Rfd8 16. Qf4 Qb8 17. h3 h6 18. Qg3 Nh5 19. Qh2 Nhf6 20. Qg3 Nh5 21. Qh2 Nhf6 1/2-1/2

[Event "TCh-FRA Top 12 2019"]
[Site "Brest FRA"]
[Date "2019.05.19"]
[Round "2.2"]
[Board "4"]
[White "Delabaca, Romuald"]
[Black "Wirig, Anthony"]
[Result "1/2-1/2"]
[WhiteTitle "FM"]
[BlackTitle "GM"]
[WhiteElo "2360"]
[BlackElo "2516"]
[WhiteTeam "Cannes Echecs"]
[BlackTeam "Grasse Echecs"]
[WhiteFideId "614661"]
[BlackFideId "615013"]
[EventDate "2019.05.18"]

1. e4 c5 2. Nf3 e6 3. d4 cxd4 4. Nxd4 a6 5. c4 Nf6 6. Nc3 Bb4 7. Qd3 d6 8. Nc2
Bxc3+ 9. Qxc3 O-O 10. Bg5 Nbd7 11. Qd4 Qc7 12. Bd3 b5 13. cxb5 axb5 14. O-O Bb7
15. f3 h6 16. Bh4 e5 17. Qf2 d5 18. exd5 Bxd5 19. Nb4 1/2-1/2

[Event "TCh-FRA Top 12 2019"]
[Site "Brest FRA"]
[Date "2019.05.19"]
[Round "2.2"]
[Board "5"]
[White "Apicella, Manuel"]
[Black "Ludwig, Remi"]
[Result "1-0"]
[WhiteTitle "GM"]
[WhiteElo "2502"]
[BlackElo "2312"]
[WhiteTeam "Grasse Echecs"]
[BlackTeam "Cannes Echecs"]
[WhiteFideId "600164"]
[BlackFideId "653993"]
[EventDate "2019.05.18"]

1. e4 e6 2. d4 d5 3. e5 c5 4. c3 Nc6 5. Nf3 Qb6 6. a3 c4 7. Nbd2 Na5 8. Be2 Bd7
9. Rb1 Qc7 10. O-O h6 11. Re1 Ne7 12. Nf1 Nc8 13. Ng3 Nb6 14. Nh5 O-O-O 15. Bf4
Ba4 16. Qd2 Qd7 17. h4 Qe8 18. Nh2 Bb3 19. Bg4 Kb8 20. Re2 Ka8 21. Bg3 Qa4 22.
Nf4 g6 23. h5 g5 24. Nh3 Bg7 25. f4 gxf4 26. Nxf4 Qe8 27. Bh4 Rd7 28. Rf1 Qg8
29. Bh3 Rc7 30. Ng4 Qh7 31. Ref2 Ba4 32. Bf6 Nc6 33. Bxg7 Qxg7 34. Ne2 Nd8 35.
Rf6 Qg5 36. Qxg5 hxg5 37. Ng3 Bc2 38. Rc1 Bd3 39. Nf2 Nd7 40. Rf3 Bh7 41. Bg4 a5
42. Nh3 Rg8 43. Nf1 Nb6 44. Rd1 Nc8 45. Ne3 Be4 46. Rf6 Ne7 47. Rd2 Rc6 48. Bd1
Nf5 49. Kf2 Ng7 50. Nxg5 Nxh5 51. Nxe4 Nxf6 52. Nxf6 Rh8 53. Bh5 b5 54. g4 Rc7
55. g5 Rb7 56. Neg4 b4 57. axb4 axb4 58. Nh6 b3 59. Ke3 Ra7 60. Rf2 Kb8 61. Nfg4
Rh7 62. Nxf7 Rxh5 63. Nxd8 Rh3+ 64. Kf4 Ra2 65. g6 Rxc3 66. g7 Rxb2 67. Rxb2 Rc2
68. g8=Q 1-0

[Event "TCh-FRA Top 12 2019"]
[Site "Brest FRA"]
[Date "2019.05.19"]
[Round "2.2"]
[Board "6"]
[White "Genzling, Alain"]
[Black "Milliet, Sophie"]
[Result "1/2-1/2"]
[WhiteTitle "IM"]
[BlackTitle "IM"]
[WhiteElo "2376"]
[BlackElo "2400"]
[WhiteTeam "Cannes Echecs"]
[BlackTeam "Grasse Echecs"]
[WhiteFideId "632708"]
[BlackFideId "623725"]
[EventDate "2019.05.18"]

1. c4 c5 2. g3 g6 3. Bg2 Bg7 4. e3 Nc6 5. Ne2 d6 6. Nbc3 e5 7. O-O Nge7 8. d3 h5
9. Nd5 h4 10. Nec3 Nxd5 11. cxd5 Ne7 12. Rb1 h3 13. Bh1 Nf5 14. b4 b6 15. bxc5
bxc5 16. Qa4+ Bd7 17. Qa6 O-O 18. Ne4 Bc8 19. Qc6 Bd7 20. Qa6 Bc8 21. Qa4 a5 22.
Nd2 Bd7 23. Qa3 Qc7 24. Nc4 Rfb8 25. Bd2 Rxb1 26. Rxb1 Rb8 27. Rxb8+ Qxb8 28.
Qb3 Qxb3 29. axb3 a4 30. bxa4 Bxa4 31. g4 Nh6 32. Nxd6 Nxg4 33. Nb7 Bf8 34. d6
Bb5 35. Bc3 Nf6 36. f4 Ng4 37. Bf3 Nxe3 38. fxe5 Nf5 39. Bg4 Bh6 40. Kf2 Bc6 41.
Na5 Bd7 42. Bxh3 Bf4 43. Nb3 Kf8 44. Bg2 f6 45. exf6 Bxd6 46. Nd2 Bxh2 47. Ne4
Bf4 48. Bh3 Be3+ 49. Kf3 Bd4 50. Kf4 Bb5 51. Bxd4 Nxd4 52. Nxc5 Kf7 53. Ke4 Nc6
54. Nd7 Nb4 55. d4 Bxd7 56. Bxd7 Kxf6 57. Ba4 g5 58. Bd7 Ke7 59. Bg4 Kd6 60. Bf3
Nc6 61. Kf5 Nxd4+ 62. Kxg5 Ke5 1/2-1/2